000 00542nam a22001817a 4500
003 CEME
005 20210628205616.0
008 210127b xxu||||| |||| 00| 0 eng d
020 _a0-691-06907-7
040 _c.
082 _a355 MAK
100 _aEarle, Edward Mead
_937953
245 _aMakers of modern strategy,military thought from machiavelli to hitler
260 _aRAWALPINDI
_bARMY EDUCATION PRESS
_c2004
300 _aXI,553P
650 _aMODERN STRATEGY MILITARY THOUGHT FROM MACHIAVELLI TO HITLER
_976241
942 _cBK
_2ddc
999 _c581641
_d581641